Famous Nazis - Statistics

General Stats
  • This quiz has been taken 358 times
  • The average score is 4 of 8
Answer Stats
Hint Answer % Correct
Leader Hitler
99%
Leader of Propaganda Goebbels
80%
Lead Invasion of France / African Front Rommel
77%
Lead Advisor Himmler
71%
Concentration Scientist Mengele
53%
Lead Developer of V2 Rockets Braun
33%
SS General / Lead Defence of Berlin Steiner
8%
Economic Advisor / Lead plans on Polish Invasion Wagener
0%
No matching quizzes found
Score Distribution
Percent of People with Each Score
Percentile by Number Answered
Your Score History
You have not taken this quiz